<?xml version="1.0" encoding="UTF-8"?>
<record
    xmlns:xsi="http://www.w3.org/2001/XMLSchema-instance"
    xsi:schemaLocation="http://www.loc.gov/MARC21/slim http://www.loc.gov/standards/marcxml/schema/MARC21slim.xsd"
    xmlns="http://www.loc.gov/MARC21/slim">

  <leader>05172nam a22005177a 4500</leader>
  <controlfield tag="005">20080929101452.0</controlfield>
  <controlfield tag="008">080929t        xxu||||| |||| 00| 0chin d</controlfield>
  <datafield tag="010" ind1=" " ind2=" ">
    <subfield code="a">HIN-92176      B-451156-171</subfield>
  </datafield>
  <datafield tag="020" ind1=" " ind2=" ">
    <subfield code="a">9789380405155</subfield>
    <subfield code="c">250.00</subfield>
  </datafield>
  <datafield tag="035" ind1=" " ind2=" ">
    <subfield code="a">HN-64522        B-451156-171</subfield>
  </datafield>
  <datafield tag="037" ind1=" " ind2=" ">
    <subfield code="b">DBAD / PUB</subfield>
  </datafield>
  <datafield tag="037" ind1=" " ind2=" ">
    <subfield code="b">&#x915;&#x947;.&#x915;&#x947;. &#x92A;&#x92C;&#x94D;&#x932;&#x93F;&#x915;&#x947;&#x936;&#x902;&#x938;</subfield>
  </datafield>
  <datafield tag="040" ind1=" " ind2=" ">
    <subfield code="a">DPL</subfield>
    <subfield code="b">HN</subfield>
  </datafield>
  <datafield tag="082" ind1=" " ind2=" ">
    <subfield code="a">&#x915;</subfield>
  </datafield>
  <datafield tag="100" ind1=" " ind2=" ">
    <subfield code="9">26640</subfield>
  </datafield>
  <datafield tag="245" ind1=" " ind2=" ">
    <subfield code="a">&#x932;&#x947;&#x935; &#x91F;&#x949;&#x932;&#x94D;&#x938;&#x91F;&#x949;&#x92F; &#x915;&#x940; &#x914;&#x92A;&#x928;&#x94D;&#x92F;&#x93E;&#x938;&#x93F;&#x915; &#x915;&#x939;&#x93E;&#x928;&#x93F;&#x92F;&#x93E;&#x901; / </subfield>
    <subfield code="c">&#x930;&#x924;&#x928;&#x932;&#x93E;&#x932; &#x92E;&#x93F;&#x936;&#x94D;&#x930; &#x926;&#x94D;&#x930;&#x93E;&#x930;&#x93E; &#x905;&#x928;&#x941;&#x926;&#x93F;&#x924;</subfield>
  </datafield>
  <datafield tag="246" ind1=" " ind2=" ">
    <subfield code="a">Lav Tolstoy ki Opniysik Kahaniya</subfield>
    <subfield code="b">Tra by Ratan lal Mishra</subfield>
  </datafield>
  <datafield tag="260" ind1=" " ind2=" ">
    <subfield code="a">&#x91C;&#x92F;&#x92A;&#x941;&#x930;</subfield>
    <subfield code="b">&#x917;&#x94D;&#x930;&#x925; &#x935;&#x93F;&#x915;&#x93E;&#x938;</subfield>
    <subfield code="c">2011</subfield>
  </datafield>
  <datafield tag="270" ind1=" " ind2=" ">
    <subfield code="a">&#x938;&#x940;-37 &#x930;&#x93E;&#x91C;&#x93E;&#x92A;&#x93E;&#x930;&#x94D;&#x915;, &#x906;&#x930;&#x926;&#x930;&#x94D;&#x936; &#x928;&#x917;&#x930;,</subfield>
    <subfield code="b">&#x91C;&#x92F;&#x92A;&#x941;&#x930;</subfield>
  </datafield>
  <datafield tag="300" ind1=" " ind2=" ">
    <subfield code="a">180 &#x92A;&#x943;.</subfield>
    <subfield code="c">22&#x938;&#x947;&#x92E;&#x940; (&#x938;&#x91C;&#x93F;&#x932;&#x94D;&#x926;)</subfield>
  </datafield>
  <datafield tag="650" ind1=" " ind2=" ">
    <subfield code="9">697</subfield>
    <subfield code="a">&#x932;&#x918;&#x941; &#x915;&#x925;&#x93E;&#x90F;&#x902;, &#x939;&#x93F;&#x928;&#x94D;&#x926;&#x940;</subfield>
  </datafield>
  <datafield tag="650" ind1=" " ind2=" ">
    <subfield code="9">26793</subfield>
    <subfield code="a">Hindi Fiction</subfield>
  </datafield>
  <datafield tag="650" ind1=" " ind2=" ">
    <subfield code="9">26674</subfield>
  </datafield>
  <datafield tag="650" ind1=" " ind2=" ">
    <subfield code="9">698</subfield>
  </datafield>
  <datafield tag="700" ind1=" " ind2=" ">
    <subfield code="9">26643</subfield>
    <subfield code="a">&#x92E;&#x93F;&#x936;&#x94D;&#x930;, &#x930;&#x924;&#x928;&#x932;&#x93E;&#x932; </subfield>
  </datafield>
  <datafield tag="710" ind1=" " ind2=" ">
    <subfield code="9">26662</subfield>
  </datafield>
  <datafield tag="942" ind1=" " ind2=" ">
    <subfield code="2">ddc</subfield>
    <subfield code="c">HN</subfield>
    <subfield code="h">&#x915;</subfield>
    <subfield code="m">&#x932;&#x947;&#x935;&#x91F;&#x949;</subfield>
  </datafield>
  <datafield tag="999" ind1=" " ind2=" ">
    <subfield code="c">51269</subfield>
    <subfield code="d">51269</subfield>
  </datafield>
  <datafield tag="952" ind1=" " ind2=" ">
    <subfield code="0">0</subfield>
    <subfield code="1">0</subfield>
    <subfield code="2">ddc</subfield>
    <subfield code="4">0</subfield>
    <subfield code="7">1</subfield>
    <subfield code="8">FIC</subfield>
    <subfield code="a">DBAD</subfield>
    <subfield code="b">DBAD</subfield>
    <subfield code="d">2011-03-28</subfield>
    <subfield code="e">DBAD / PUB</subfield>
    <subfield code="g">250.00</subfield>
    <subfield code="l">0</subfield>
    <subfield code="o">&#x915; &#x932;&#x947;&#x935;&#x91F;&#x949;</subfield>
    <subfield code="p">HN-64522</subfield>
    <subfield code="r">2011-03-28 00:00:00</subfield>
    <subfield code="t">1</subfield>
    <subfield code="v">250.00</subfield>
    <subfield code="w">2011-03-28</subfield>
    <subfield code="y">HN</subfield>
  </datafield>
  <datafield tag="952" ind1=" " ind2=" ">
    <subfield code="0">0</subfield>
    <subfield code="1">0</subfield>
    <subfield code="2">ddc</subfield>
    <subfield code="4">0</subfield>
    <subfield code="7">0</subfield>
    <subfield code="8">FIC</subfield>
    <subfield code="a">L</subfield>
    <subfield code="b">L</subfield>
    <subfield code="d">2012-02-21</subfield>
    <subfield code="e">&#x915;&#x947;.&#x915;&#x947;.&#x92A;&#x92C;&#x94D;&#x932;&#x915;&#x947;&#x936;&#x902;&#x938;/1355/13.10.11/11/15.9.11/11.11.11</subfield>
    <subfield code="g">250.00</subfield>
    <subfield code="l">0</subfield>
    <subfield code="o">&#x915; &#x932;&#x947;&#x935;&#x91F;&#x949;</subfield>
    <subfield code="p">B-451156</subfield>
    <subfield code="r">2012-02-21 00:00:00</subfield>
    <subfield code="t">2</subfield>
    <subfield code="v">250.00</subfield>
    <subfield code="w">2012-02-21</subfield>
    <subfield code="y">HN</subfield>
  </datafield>
  <datafield tag="952" ind1=" " ind2=" ">
    <subfield code="0">0</subfield>
    <subfield code="1">0</subfield>
    <subfield code="2">ddc</subfield>
    <subfield code="4">0</subfield>
    <subfield code="7">0</subfield>
    <subfield code="8">FIC</subfield>
    <subfield code="a">L</subfield>
    <subfield code="b">L</subfield>
    <subfield code="d">2012-02-21</subfield>
    <subfield code="e">&#x915;&#x947;.&#x915;&#x947;.&#x92A;&#x92C;&#x94D;&#x932;&#x915;&#x947;&#x936;&#x902;&#x938;/1355/13.10.11/11/15.9.11/11.11.11</subfield>
    <subfield code="g">250.00</subfield>
    <subfield code="l">0</subfield>
    <subfield code="o">&#x915; &#x932;&#x947;&#x935;&#x91F;&#x949;</subfield>
    <subfield code="p">B-451157</subfield>
    <subfield code="r">2012-02-21 00:00:00</subfield>
    <subfield code="t">2</subfield>
    <subfield code="v">250.00</subfield>
    <subfield code="w">2012-02-21</subfield>
    <subfield code="y">HN</subfield>
  </datafield>
  <datafield tag="952" ind1=" " ind2=" ">
    <subfield code="0">0</subfield>
    <subfield code="1">0</subfield>
    <subfield code="2">ddc</subfield>
    <subfield code="4">0</subfield>
    <subfield code="7">0</subfield>
    <subfield code="8">FIC</subfield>
    <subfield code="a">M</subfield>
    <subfield code="b">M</subfield>
    <subfield code="d">2012-02-21</subfield>
    <subfield code="e">&#x915;&#x947;.&#x915;&#x947;.&#x92A;&#x92C;&#x94D;&#x932;&#x915;&#x947;&#x936;&#x902;&#x938;/1355/13.10.11/11/15.9.11/11.11.11</subfield>
    <subfield code="g">250.00</subfield>
    <subfield code="l">0</subfield>
    <subfield code="o">&#x915; &#x932;&#x947;&#x935;&#x91F;&#x949;</subfield>
    <subfield code="p">B-451158</subfield>
    <subfield code="r">2012-02-21 00:00:00</subfield>
    <subfield code="t">2</subfield>
    <subfield code="v">250.00</subfield>
    <subfield code="w">2012-02-21</subfield>
    <subfield code="y">HN</subfield>
  </datafield>
  <datafield tag="952" ind1=" " ind2=" ">
    <subfield code="0">0</subfield>
    <subfield code="1">0</subfield>
    <subfield code="2">ddc</subfield>
    <subfield code="4">0</subfield>
    <subfield code="7">0</subfield>
    <subfield code="8">FIC</subfield>
    <subfield code="a">M</subfield>
    <subfield code="b">M</subfield>
    <subfield code="d">2012-02-21</subfield>
    <subfield code="e">&#x915;&#x947;.&#x915;&#x947;.&#x92A;&#x92C;&#x94D;&#x932;&#x915;&#x947;&#x936;&#x902;&#x938;/1355/13.10.11/11/15.9.11/11.11.11</subfield>
    <subfield code="g">250.00</subfield>
    <subfield code="l">0</subfield>
    <subfield code="o">&#x915; &#x932;&#x947;&#x935;&#x91F;&#x949;</subfield>
    <subfield code="p">B-451159</subfield>
    <subfield code="r">2012-02-21 00:00:00</subfield>
    <subfield code="t">2</subfield>
    <subfield code="v">250.00</subfield>
    <subfield code="w">2012-02-21</subfield>
    <subfield code="y">HN</subfield>
  </datafield>
  <datafield tag="952" ind1=" " ind2=" ">
    <subfield code="0">0</subfield>
    <subfield code="1">0</subfield>
    <subfield code="2">ddc</subfield>
    <subfield code="4">0</subfield>
    <subfield code="7">0</subfield>
    <subfield code="8">FIC</subfield>
    <subfield code="a">BL1</subfield>
    <subfield code="b">BL1</subfield>
    <subfield code="d">2012-02-21</subfield>
    <subfield code="e">&#x915;&#x947;.&#x915;&#x947;.&#x92A;&#x92C;&#x94D;&#x932;&#x915;&#x947;&#x936;&#x902;&#x938;/1355/13.10.11/11/15.9.11/11.11.11</subfield>
    <subfield code="g">250.00</subfield>
    <subfield code="l">0</subfield>
    <subfield code="o">&#x915; &#x932;&#x947;&#x935;&#x91F;&#x949;</subfield>
    <subfield code="p">B-451160</subfield>
    <subfield code="r">2012-02-21 00:00:00</subfield>
    <subfield code="t">1</subfield>
    <subfield code="v">250.00</subfield>
    <subfield code="w">2012-02-21</subfield>
    <subfield code="y">HN</subfield>
  </datafield>
  <datafield tag="952" ind1=" " ind2=" ">
    <subfield code="0">0</subfield>
    <subfield code="1">0</subfield>
    <subfield code="2">ddc</subfield>
    <subfield code="4">0</subfield>
    <subfield code="7">0</subfield>
    <subfield code="8">FIC</subfield>
    <subfield code="a">KGM</subfield>
    <subfield code="b">KGM</subfield>
    <subfield code="d">2012-02-21</subfield>
    <subfield code="e">&#x915;&#x947;.&#x915;&#x947;.&#x92A;&#x92C;&#x94D;&#x932;&#x915;&#x947;&#x936;&#x902;&#x938;/1355/13.10.11/11/15.9.11/11.11.11</subfield>
    <subfield code="g">250.00</subfield>
    <subfield code="l">0</subfield>
    <subfield code="o">&#x915; &#x932;&#x947;&#x935;&#x91F;&#x949;</subfield>
    <subfield code="p">B-451161</subfield>
    <subfield code="r">2012-02-21 00:00:00</subfield>
    <subfield code="t">1</subfield>
    <subfield code="v">250.00</subfield>
    <subfield code="w">2012-02-21</subfield>
    <subfield code="y">HN</subfield>
  </datafield>
  <datafield tag="952" ind1=" " ind2=" ">
    <subfield code="0">0</subfield>
    <subfield code="1">0</subfield>
    <subfield code="2">ddc</subfield>
    <subfield code="4">0</subfield>
    <subfield code="7">0</subfield>
    <subfield code="8">FIC</subfield>
    <subfield code="a">PR</subfield>
    <subfield code="b">PR</subfield>
    <subfield code="d">2012-02-21</subfield>
    <subfield code="e">&#x915;&#x947;.&#x915;&#x947;.&#x92A;&#x92C;&#x94D;&#x932;&#x915;&#x947;&#x936;&#x902;&#x938;/1355/13.10.11/11/15.9.11/11.11.11</subfield>
    <subfield code="g">250.00</subfield>
    <subfield code="l">1</subfield>
    <subfield code="o">&#x915; &#x932;&#x947;&#x935;&#x91F;&#x949;</subfield>
    <subfield code="p">B-451162</subfield>
    <subfield code="r">2023-05-17 00:00:00</subfield>
    <subfield code="s">2023-05-04</subfield>
    <subfield code="t">1</subfield>
    <subfield code="v">250.00</subfield>
    <subfield code="w">2012-02-21</subfield>
    <subfield code="y">HN</subfield>
  </datafield>
  <datafield tag="952" ind1=" " ind2=" ">
    <subfield code="0">0</subfield>
    <subfield code="1">0</subfield>
    <subfield code="2">ddc</subfield>
    <subfield code="4">0</subfield>
    <subfield code="7">0</subfield>
    <subfield code="8">FIC</subfield>
    <subfield code="a">JP</subfield>
    <subfield code="b">JP</subfield>
    <subfield code="d">2012-02-21</subfield>
    <subfield code="e">&#x915;&#x947;.&#x915;&#x947;.&#x92A;&#x92C;&#x94D;&#x932;&#x915;&#x947;&#x936;&#x902;&#x938;/1355/13.10.11/11/15.9.11/11.11.11</subfield>
    <subfield code="g">250.00</subfield>
    <subfield code="l">7</subfield>
    <subfield code="m">2</subfield>
    <subfield code="o">&#x915; &#x932;&#x947;&#x935;&#x91F;&#x949;</subfield>
    <subfield code="p">B-451163</subfield>
    <subfield code="r">2025-02-12 00:00:00</subfield>
    <subfield code="s">2025-01-20</subfield>
    <subfield code="t">1</subfield>
    <subfield code="v">250.00</subfield>
    <subfield code="w">2012-02-21</subfield>
    <subfield code="y">HN</subfield>
  </datafield>
  <datafield tag="952" ind1=" " ind2=" ">
    <subfield code="0">0</subfield>
    <subfield code="1">0</subfield>
    <subfield code="2">ddc</subfield>
    <subfield code="4">0</subfield>
    <subfield code="7">0</subfield>
    <subfield code="8">FIC</subfield>
    <subfield code="a">ZLS</subfield>
    <subfield code="b">ZLS</subfield>
    <subfield code="d">2012-02-21</subfield>
    <subfield code="e">&#x915;&#x947;.&#x915;&#x947;.&#x92A;&#x92C;&#x94D;&#x932;&#x915;&#x947;&#x936;&#x902;&#x938;/1355/13.10.11/11/15.9.11/11.11.11</subfield>
    <subfield code="g">250.00</subfield>
    <subfield code="l">2</subfield>
    <subfield code="o">&#x915; &#x932;&#x947;&#x935;&#x91F;&#x949;</subfield>
    <subfield code="p">B-451164</subfield>
    <subfield code="r">2025-11-29 00:00:00</subfield>
    <subfield code="s">2025-11-14</subfield>
    <subfield code="t">1</subfield>
    <subfield code="v">250.00</subfield>
    <subfield code="w">2012-02-21</subfield>
    <subfield code="y">HN</subfield>
  </datafield>
  <datafield tag="952" ind1=" " ind2=" ">
    <subfield code="0">0</subfield>
    <subfield code="1">0</subfield>
    <subfield code="2">ddc</subfield>
    <subfield code="4">0</subfield>
    <subfield code="7">0</subfield>
    <subfield code="8">FIC</subfield>
    <subfield code="a">RKP</subfield>
    <subfield code="b">RKP</subfield>
    <subfield code="d">2012-02-21</subfield>
    <subfield code="e">&#x915;&#x947;.&#x915;&#x947;.&#x92A;&#x92C;&#x94D;&#x932;&#x915;&#x947;&#x936;&#x902;&#x938;/1355/13.10.11/11/15.9.11/11.11.11</subfield>
    <subfield code="g">250.00</subfield>
    <subfield code="l">2</subfield>
    <subfield code="m">3</subfield>
    <subfield code="o">&#x915; &#x932;&#x947;&#x935;&#x91F;&#x949;</subfield>
    <subfield code="p">B-451165</subfield>
    <subfield code="r">2023-12-29 00:00:00</subfield>
    <subfield code="s">2023-12-09</subfield>
    <subfield code="t">1</subfield>
    <subfield code="v">250.00</subfield>
    <subfield code="w">2012-02-21</subfield>
    <subfield code="y">HN</subfield>
  </datafield>
  <datafield tag="952" ind1=" " ind2=" ">
    <subfield code="0">0</subfield>
    <subfield code="1">0</subfield>
    <subfield code="2">ddc</subfield>
    <subfield code="4">0</subfield>
    <subfield code="7">0</subfield>
    <subfield code="8">FIC</subfield>
    <subfield code="a">AG</subfield>
    <subfield code="b">AG</subfield>
    <subfield code="d">2012-02-21</subfield>
    <subfield code="e">&#x915;&#x947;.&#x915;&#x947;.&#x92A;&#x92C;&#x94D;&#x932;&#x915;&#x947;&#x936;&#x902;&#x938;/1355/13.10.11/11/15.9.11/11.11.11</subfield>
    <subfield code="g">250.00</subfield>
    <subfield code="l">3</subfield>
    <subfield code="o">&#x915; &#x932;&#x947;&#x935;&#x91F;&#x949;</subfield>
    <subfield code="p">B-451166</subfield>
    <subfield code="r">2022-04-01 00:00:00</subfield>
    <subfield code="s">2022-03-23</subfield>
    <subfield code="t">1</subfield>
    <subfield code="v">250.00</subfield>
    <subfield code="w">2012-02-21</subfield>
    <subfield code="y">HN</subfield>
  </datafield>
  <datafield tag="952" ind1=" " ind2=" ">
    <subfield code="0">0</subfield>
    <subfield code="1">0</subfield>
    <subfield code="2">ddc</subfield>
    <subfield code="4">0</subfield>
    <subfield code="7">0</subfield>
    <subfield code="8">FIC</subfield>
    <subfield code="a">VP</subfield>
    <subfield code="b">VP</subfield>
    <subfield code="d">2012-02-21</subfield>
    <subfield code="e">&#x915;&#x947;.&#x915;&#x947;.&#x92A;&#x92C;&#x94D;&#x932;&#x915;&#x947;&#x936;&#x902;&#x938;/1355/13.10.11/11/15.9.11/11.11.11</subfield>
    <subfield code="g">250.00</subfield>
    <subfield code="l">0</subfield>
    <subfield code="o">&#x915; &#x932;&#x947;&#x935;&#x91F;&#x949;</subfield>
    <subfield code="p">B-451167</subfield>
    <subfield code="r">2012-06-04 00:00:00</subfield>
    <subfield code="t">1</subfield>
    <subfield code="v">250.00</subfield>
    <subfield code="w">2012-02-21</subfield>
    <subfield code="y">HN</subfield>
  </datafield>
  <datafield tag="952" ind1=" " ind2=" ">
    <subfield code="0">0</subfield>
    <subfield code="1">0</subfield>
    <subfield code="2">ddc</subfield>
    <subfield code="4">0</subfield>
    <subfield code="7">0</subfield>
    <subfield code="8">FIC</subfield>
    <subfield code="a">BL3</subfield>
    <subfield code="b">BL3</subfield>
    <subfield code="d">2012-02-21</subfield>
    <subfield code="e">&#x915;&#x947;.&#x915;&#x947;.&#x92A;&#x92C;&#x94D;&#x932;&#x915;&#x947;&#x936;&#x902;&#x938;/1355/13.10.11/11/15.9.11/11.11.11</subfield>
    <subfield code="g">250.00</subfield>
    <subfield code="l">0</subfield>
    <subfield code="o">&#x915; &#x932;&#x947;&#x935;&#x91F;&#x949;</subfield>
    <subfield code="p">B-451168</subfield>
    <subfield code="r">2012-02-21 00:00:00</subfield>
    <subfield code="t">1</subfield>
    <subfield code="v">250.00</subfield>
    <subfield code="w">2012-02-21</subfield>
    <subfield code="y">HN</subfield>
  </datafield>
  <datafield tag="952" ind1=" " ind2=" ">
    <subfield code="0">0</subfield>
    <subfield code="1">0</subfield>
    <subfield code="2">ddc</subfield>
    <subfield code="4">0</subfield>
    <subfield code="7">0</subfield>
    <subfield code="8">FIC</subfield>
    <subfield code="a">NR</subfield>
    <subfield code="b">NR</subfield>
    <subfield code="d">2012-02-21</subfield>
    <subfield code="e">&#x915;&#x947;.&#x915;&#x947;.&#x92A;&#x92C;&#x94D;&#x932;&#x915;&#x947;&#x936;&#x902;&#x938;/1355/13.10.11/11/15.9.11/11.11.11</subfield>
    <subfield code="g">250.00</subfield>
    <subfield code="l">0</subfield>
    <subfield code="o">&#x915; &#x932;&#x947;&#x935;&#x91F;&#x949;</subfield>
    <subfield code="p">B-451169</subfield>
    <subfield code="r">2012-02-21 00:00:00</subfield>
    <subfield code="t">1</subfield>
    <subfield code="v">250.00</subfield>
    <subfield code="w">2012-02-21</subfield>
    <subfield code="y">HN</subfield>
  </datafield>
  <datafield tag="952" ind1=" " ind2=" ">
    <subfield code="0">0</subfield>
    <subfield code="1">0</subfield>
    <subfield code="2">ddc</subfield>
    <subfield code="4">0</subfield>
    <subfield code="7">0</subfield>
    <subfield code="8">FIC</subfield>
    <subfield code="a">BN</subfield>
    <subfield code="b">BN</subfield>
    <subfield code="d">2012-02-21</subfield>
    <subfield code="e">&#x915;&#x947;.&#x915;&#x947;.&#x92A;&#x92C;&#x94D;&#x932;&#x915;&#x947;&#x936;&#x902;&#x938;/1355/13.10.11/11/15.9.11/11.11.11</subfield>
    <subfield code="g">250.00</subfield>
    <subfield code="l">0</subfield>
    <subfield code="o">&#x915; &#x932;&#x947;&#x935;&#x91F;&#x949;</subfield>
    <subfield code="p">B-451170</subfield>
    <subfield code="r">2012-02-21 00:00:00</subfield>
    <subfield code="t">1</subfield>
    <subfield code="v">250.00</subfield>
    <subfield code="w">2012-02-21</subfield>
    <subfield code="y">HN</subfield>
  </datafield>
  <datafield tag="952" ind1=" " ind2=" ">
    <subfield code="0">0</subfield>
    <subfield code="1">0</subfield>
    <subfield code="2">ddc</subfield>
    <subfield code="4">0</subfield>
    <subfield code="7">0</subfield>
    <subfield code="8">FIC</subfield>
    <subfield code="a">BL4</subfield>
    <subfield code="b">BL4</subfield>
    <subfield code="d">2012-02-21</subfield>
    <subfield code="e">&#x915;&#x947;.&#x915;&#x947;.&#x92A;&#x92C;&#x94D;&#x932;&#x915;&#x947;&#x936;&#x902;&#x938;/1355/13.10.11/11/15.9.11/11.11.11</subfield>
    <subfield code="g">250.00</subfield>
    <subfield code="l">8</subfield>
    <subfield code="m">2</subfield>
    <subfield code="o">&#x915; &#x932;&#x947;&#x935;&#x91F;&#x949;</subfield>
    <subfield code="p">B-451171</subfield>
    <subfield code="r">2019-10-06 00:00:00</subfield>
    <subfield code="s">2019-09-28</subfield>
    <subfield code="t">1</subfield>
    <subfield code="v">250.00</subfield>
    <subfield code="w">2012-02-21</subfield>
    <subfield code="y">HN</subfield>
  </datafield>
</record>
